Filmová hudba bibliografia
| Format: | Book |
|---|---|
| Language: | Slovak |
| Published: |
Bratislava
Mestská knižnica
1979
|
MARC
| LEADER | 00000nam a22000005a 4500 | ||
|---|---|---|---|
| 001 | vtls001522605 | ||
| 003 | SK-MaSNL | ||
| 005 | 20260224161251.0 | ||
| 008 | 210928s1979 xo r 000 0 slo | ||
| 020 | |q (brož.) | ||
| 040 | |a SNK |b slo |c SNK |e AACR2 | ||
| 245 | 1 | |a Filmová hudba |b bibliografia | |
| 260 | |a Bratislava |b Mestská knižnica |c 1979 | ||
| 958 | |a OND | ||
| 999 | |c 1076589 |d 1078519 | ||
| 952 | |a SNK |b SNK |y VYP |7 0 |p 17A0465253 |o snkSD 54245 D1 |i snk2005/5453 |8 1 |0 0 |1 0 |4 0 |d 2005-04-06 |l 0 |r 2026-02-24 16:12:51 |w 2026-02-24 | ||


